[Event "SK Gescher 1 - SC Rochade Emsdetten 3"]
[Site "Verbandsklasse 2017/2018"]
[Date "2018.01.27"]
[Round "5.1"]
[White "Lehmann, Mona"]
[Black "Eißing, Christoph"]
[Result "0-1"]
[WhiteElo "1909"]
[BlackElo "1991"]
[PlyCount "76"]
[EventDate "2018.??.??"]
[SourceTitle "Verband Muensterland"]
[SourceDate "2017.09.30"]
[SourceVersion "1"]
[SourceVersionDate "2017.09.30"]
[SourceQuality "1"]

1. e4 c6 2. d4 d5 3. e5 Bf5 4. Nc3 e6 5. g4 Bg6 6. h4 h5 7. g5 Bf5 8. Nge2 Ne7
9. Ng3 Qb6 10. Na4 Qa5+ 11. c3 Bg4 12. Be2 Bxe2 13. Nxe2 Nd7 14. b4 Qc7 15. Nf4
g6 16. Qe2 b6 17. Rh3 Nf5 18. Rb1 Be7 19. Be3 Rb8 20. Nd3 O-O 21. Nf4 c5 22. a3
cxd4 23. Bxd4 Qc4 24. Qxc4 dxc4 25. Ne2 b5 26. Nb2 Nxd4 27. cxd4 Nb6 28. Nc3 a6
29. Rd1 Rfd8 30. Ne4 Nd5 31. Nc5 Bxc5 32. bxc5 Nf4 33. Rg3 Rd5 34. a4 Kf8 35.
axb5 axb5 36. Ra3 b4 37. Ra7 c3 38. c6 cxb2 0-1

[Event "SK Gescher 1 - SC Rochade Emsdetten 3"]
[Site "Verbandsklasse 2017/2018"]
[Date "2018.01.27"]
[Round "5.2"]
[White "Lanfer, Stefanie"]
[Black "Lücke, Thomas"]
[Result "0-1"]
[WhiteElo "1810"]
[BlackElo "1828"]
[PlyCount "104"]
[EventDate "2018.??.??"]
[SourceTitle "Verband Muensterland"]
[SourceDate "2017.09.30"]
[SourceVersion "1"]
[SourceVersionDate "2017.09.30"]
[SourceQuality "1"]

1. e4 c6 2. d4 d5 3. exd5 cxd5 4. Bf4 Nf6 5. c3 Nc6 6. Qb3 e6 7. Bb5 Bd6 8.
Bxd6 Qxd6 9. Nf3 a6 10. Bxc6+ bxc6 11. Nbd2 Rb8 12. Qc2 c5 13. O-O O-O 14. Rfe1
cxd4 15. Nxd4 Bd7 16. Rad1 Rfc8 17. N4f3 Qb6 18. b3 a5 19. Ne5 Be8 20. Qd3 Bb5
21. c4 dxc4 22. bxc4 Ba4 23. Rb1 Qd8 24. Qxd8+ Rxd8 25. Rxb8 Rxb8 26. Rb1 Rxb1+
27. Nxb1 Ne4 28. f3 Nc5 29. Nc3 Be8 30. Nb5 f6 31. Ng4 Kf8 32. Nd6 Bg6 33. Nf2
Ke7 34. Nb5 Bb1 35. a4 Nxa4 36. Na3 Bg6 37. Ne4 Bxe4 38. fxe4 Kd6 39. Kf2 Kc5
40. Ke3 Nb2 41. Nc2 Kxc4 42. Kd2 e5 43. Na1 a4 44. Kc2 Nd3 45. Kb1 Nc5 46. Kb2
Nxe4 47. Nc2 Nc5 48. Ka3 e4 49. Ne3+ Kd3 50. Nd1 e3 51. Nb2+ Kc2 52. Nc4 e2 0-1

[Event "SK Gescher 1 - SC Rochade Emsdetten 3"]
[Site "Verbandsklasse 2017/2018"]
[Date "2018.01.27"]
[Round "5.3"]
[White "Gerighausen, Karl-Heinz"]
[Black "Iking, Bernhard"]
[Result "0-1"]
[WhiteElo "1659"]
[BlackElo "1793"]
[PlyCount "66"]
[EventDate "2018.??.??"]
[SourceTitle "Verband Muensterland"]
[SourceDate "2017.09.30"]
[SourceVersion "1"]
[SourceVersionDate "2017.09.30"]
[SourceQuality "1"]

1. d4 d5 2. Bf4 Nf6 3. e3 c6 4. Nd2 Bf5 5. Ngf3 h6 6. h3 Nbd7 7. Bd3 Bxd3 8.
cxd3 e6 9. O-O Be7 10. Qb3 Qb6 11. Rfc1 O-O 12. Qxb6 axb6 13. a3 Rfc8 14. Rc2
b5 15. Rac1 b4 16. axb4 Bxb4 17. Ne5 Nxe5 18. Bxe5 Nd7 19. Bg3 Ra2 20. f4 f5
21. Nf3 Rca8 22. Be1 Bxe1 23. Rxe1 R8a3 24. bxa3 Rxc2 25. Rb1 b5 26. Kf1 Rc3
27. Ra1 Rxd3 28. Ke2 Rb3 29. Rc1 Rxa3 30. Rxc6 Ra2+ 31. Kf1 b4 32. Ne5 Nxe5 33.
dxe5 b3 0-1

[Event "SK Gescher 1 - SC Rochade Emsdetten 3"]
[Site "Verbandsklasse 2017/2018"]
[Date "2018.01.27"]
[Round "5.4"]
[White "Stein, Michael"]
[Black "Fehlings, Gerd"]
[Result "1-0"]
[WhiteElo "1676"]
[BlackElo "1754"]
[PlyCount "67"]
[EventDate "2018.??.??"]
[SourceTitle "Verband Muensterland"]
[SourceDate "2017.09.30"]
[SourceVersion "1"]
[SourceVersionDate "2017.09.30"]
[SourceQuality "1"]

1. e4 e6 2. d3 d5 3. Nd2 c5 4. Ngf3 Nc6 5. g3 Nf6 6. Bg2 Be7 7. O-O O-O 8. Re1
b5 9. e5 Nd7 10. Nf1 a5 11. h4 Qc7 12. Bf4 b4 13. N1h2 Re8 14. h5 Bf8 15. Ng4
Qd8 16. Qd2 Be7 17. c4 Nb6 18. b3 Bb7 19. Bg5 dxc4 20. Bxe7 Nxe7 21. Nf6+ gxf6
22. exf6 Nf5 23. Qg5+ Kh8 24. Ne5 Qc7 25. dxc4 Bxg2 26. Kxg2 Rg8 27. Qf4 Rad8
28. Ng6+ hxg6 29. Qxc7 Nd7 30. Rad1 Nd4 31. Qf4 g5 32. Qc7 Rge8 33. Re4 Nxf6
34. Qe5 1-0

[Event "SK Gescher 1 - SC Rochade Emsdetten 3"]
[Site "Verbandsklasse 2017/2018"]
[Date "2018.01.27"]
[Round "5.5"]
[White "Colmer, Willi"]
[Black "Brands, Julian"]
[Result "1-0"]
[WhiteElo "1773"]
[BlackElo "1636"]
[PlyCount "95"]
[EventDate "2018.??.??"]
[SourceTitle "Verband Muensterland"]
[SourceDate "2017.09.30"]
[SourceVersion "1"]
[SourceVersionDate "2017.09.30"]
[SourceQuality "1"]

1. d4 d5 2. c4 e6 3. Nc3 Nf6 4. cxd5 exd5 5. Bg5 Be7 6. Nf3 Bf5 7. Qb3 Be6 8.
Bxf6 gxf6 9. e3 b6 10. Qc2 c6 11. Bd3 h5 12. Nh4 Qd6 13. Nf5 Bxf5 14. Bxf5 Nd7
15. a3 Nf8 16. O-O-O Ne6 17. Kb1 O-O-O 18. Nb5 Qd7 19. Rc1 Kb7 20. Nc3 Qd6 21.
Qa4 Rhg8 22. Bd3 Rxg2 23. Ne4 Qd7 24. Ba6+ Kc7 25. Bf1 dxe4 26. Qxa7+ Kd6 27.
Qxd7+ Rxd7 28. Bxg2 f5 29. Bh3 Ng7 30. Rhg1 Bf6 31. Rg2 Ke6 32. Rxc6+ Rd6 33.
Rxd6+ Kxd6 34. Kc2 Kd5 35. Rg1 f4 36. Bc8 Ne6 37. Bb7+ Kc4 38. Bxe4 Ng5 39.
Bd3+ Kd5 40. b3 Nf3 41. Rh1 Bh4 42. Be2 Nxd4+ 43. exd4 Bxf2 44. Bxh5 f5 45. Kd3
Bxd4 46. Bf7+ Ke5 47. Re1+ Be3 48. Rxe3+ 1-0

[Event "SK Gescher 1 - SC Rochade Emsdetten 3"]
[Site "Verbandsklasse 2017/2018"]
[Date "2018.01.27"]
[Round "5.6"]
[White "Robers, Frank"]
[Black "Schulte, Ralf"]
[Result "0-1"]
[WhiteElo "1648"]
[BlackElo "1730"]
[PlyCount "48"]
[EventDate "2018.??.??"]
[SourceTitle "Verband Muensterland"]
[SourceDate "2017.09.30"]
[SourceVersion "1"]
[SourceVersionDate "2017.09.30"]
[SourceQuality "1"]

1. e4 c5 2. Nf3 Nc6 3. d4 cxd4 4. Nxd4 Nf6 5. Nc3 d6 6. g3 e6 7. Bg2 Be7 8. O-O
O-O 9. Re1 a6 10. Nxc6 bxc6 11. e5 Nd5 12. exd6 Qxd6 13. Ne4 Qc7 14. Bg5 Rd8
15. Bxe7 Qxe7 16. Qe2 Qb4 17. Rad1 a5 18. a3 Qb6 19. c4 Ba6 20. Qc2 Ne7 21. c5
Qc7 22. Nd6 Nd5 23. Bxd5 cxd5 24. b4 Rxd6 0-1

[Event "SK Gescher 1 - SC Rochade Emsdetten 3"]
[Site "Verbandsklasse 2017/2018"]
[Date "2018.01.27"]
[Round "5.7"]
[White "Bahr, Maximilian"]
[Black "Frieske, Hilmar"]
[Result "1-0"]
[WhiteElo "1676"]
[BlackElo "1720"]
[PlyCount "73"]
[EventDate "2018.??.??"]
[SourceTitle "Verband Muensterland"]
[SourceDate "2017.09.30"]
[SourceVersion "1"]
[SourceVersionDate "2017.09.30"]
[SourceQuality "1"]

1. d4 Nf6 2. c4 e5 3. dxe5 Ng4 4. Nf3 Bc5 5. e3 Nc6 6. Nc3 Ngxe5 7. Be2 d6 8.
O-O O-O 9. a3 a5 10. b3 Be6 11. Bb2 Rb8 12. Qc2 Nxf3+ 13. Bxf3 Ne5 14. Be2 f5
15. Rad1 Qh4 16. g3 Qh3 17. Nd5 Bxd5 18. Rxd5 Rf6 19. Bh5 Qxh5 20. Bxe5 Rh6 21.
h4 dxe5 22. Rxc5 e4 23. Rxc7 Qg6 24. c5 Rxh4 25. Qc4+ Kh8 26. Rd1 Rh1+ 27. Kxh1
Qh5+ 28. Kg2 Qxd1 29. Qf7 Qf3+ 30. Kg1 Qd1+ 31. Kh2 Qg4 32. Rxb7 Rd8 33. c6 Rg8
34. c7 f4 35. Rb8 fxg3+ 36. fxg3 Qe2+ 37. Kh3 1-0

[Event "SK Gescher 1 - SC Rochade Emsdetten 3"]
[Site "Verbandsklasse 2017/2018"]
[Date "2018.01.27"]
[Round "5.8"]
[White "Creutzburg, Frank"]
[Black "Schmidt, Frank"]
[Result "1/2-1/2"]
[WhiteElo "1529"]
[BlackElo "1591"]
[PlyCount "36"]
[EventDate "2018.??.??"]
[SourceTitle "Verband Muensterland"]
[SourceDate "2017.09.30"]
[SourceVersion "1"]
[SourceVersionDate "2017.09.30"]
[SourceQuality "1"]

1. Nf3 d5 2. d4 Nf6 3. c4 e6 4. Nc3 c6 5. cxd5 exd5 6. Qc2 h6 7. Bf4 Bb4 8. a3
Bxc3+ 9. Qxc3 Ne4 10. Qc1 Nd7 11. e3 O-O 12. Bd3 Ndf6 13. O-O Re8 14. Nd2 Nxd2
15. Qxd2 Nh5 16. Bg3 Qg5 17. Rfe1 Nxg3 18. hxg3 Bf5 1/2-1/2

[Event "SC Falke Saerbeck 1 - SF Stadtlohn 1"]
[Site "Verbandsklasse 2017/2018"]
[Date "2018.01.27"]
[Round "5.1"]
[White "Mullink, Jochem"]
[Black "Hegemann, Eike"]
[Result "1-0"]
[WhiteElo "2046"]
[BlackElo "1971"]
[PlyCount "67"]
[EventDate "2018.??.??"]
[SourceTitle "Verband Muensterland"]
[SourceDate "2017.09.30"]
[SourceVersion "1"]
[SourceVersionDate "2017.09.30"]
[SourceQuality "1"]

1. e4 c5 2. Nf3 d6 3. d4 cxd4 4. Nxd4 Nf6 5. Nc3 a6 6. h3 e5 7. Nde2 Be6 8. g4
Nc6 9. Bg2 Be7 10. Ng3 g6 11. Nd5 Bxd5 12. exd5 Nb8 13. g5 Nfd7 14. Ne4 O-O 15.
Be3 a5 16. h4 Na6 17. Qe2 Rc8 18. O-O-O Nac5 19. Nc3 a4 20. a3 Qa5 21. Kb1 Nb6
22. Bh3 Ra8 23. h5 Nbd7 24. Qg4 Rfb8 25. Qh4 Nf8 26. hxg6 fxg6 27. Be6+ Kh8 28.
Bf7 Kg7 29. Bxc5 Kxf7 30. Bb4 Qd8 31. f4 exf4 32. Ne4 Qd7 33. Rhf1 Ke8 34. Bxd6
1-0

[Event "SC Falke Saerbeck 1 - SF Stadtlohn 1"]
[Site "Verbandsklasse 2017/2018"]
[Date "2018.01.27"]
[Round "5.2"]
[White "Fayazi, Shahriar"]
[Black "Krosenbrink, Marcel"]
[Result "1/2-1/2"]
[WhiteElo "1964"]
[BlackElo "1950"]
[PlyCount "95"]
[EventDate "2018.??.??"]
[SourceTitle "Verband Muensterland"]
[SourceDate "2017.09.30"]
[SourceVersion "1"]
[SourceVersionDate "2017.09.30"]
[SourceQuality "1"]

1. c4 e5 2. g3 f5 3. Qc2 d6 4. Bg2 Nf6 5. e3 Be7 6. Ne2 O-O 7. d3 Qe8 8. Nbc3
c6 9. b4 Be6 10. f4 Nbd7 11. b5 Rc8 12. bxc6 bxc6 13. Rb1 Nc5 14. Na4 Nfd7 15.
Nxc5 Nxc5 16. Ba3 e4 17. Bxc5 exd3 18. Qxd3 dxc5 19. O-O Qf7 20. Rfc1 Rfd8 21.
Qc2 Rd7 22. Bf3 Bf6 23. Qa4 Rb7 24. Qa6 Rcb8 25. Rxb7 Qxb7 26. Qa4 Rc8 27. a3
Bf7 28. Rd1 h5 29. Rd6 Qe7 30. Rd3 Qe6 31. Qxa7 Qxc4 32. Rd7 Bd5 33. Bxd5+ cxd5
34. Qb7 Re8 35. Kf2 d4 36. Qd5+ Qxd5 37. Rxd5 Rxe3 38. Rxc5 Rxa3 39. Rd5 Kf7
40. Nxd4 Rd3 41. Rxf5 g6 42. Rxf6+ Kxf6 43. Nf3 Ra3 44. h3 Ra2+ 45. Ke3 Rg2 46.
g4 hxg4 47. hxg4 Rxg4 48. Nd4 1/2-1/2

[Event "SC Falke Saerbeck 1 - SF Stadtlohn 1"]
[Site "Verbandsklasse 2017/2018"]
[Date "2018.01.27"]
[Round "5.3"]
[White "Te Sligte, Bert"]
[Black "Fischer, Andreas"]
[Result "1-0"]
[WhiteElo "1821"]
[BlackElo "1912"]
[PlyCount "95"]
[EventDate "2018.??.??"]
[SourceTitle "Verband Muensterland"]
[SourceDate "2017.09.30"]
[SourceVersion "1"]
[SourceVersionDate "2017.09.30"]
[SourceQuality "1"]

1. e4 e5 2. Nf3 d6 3. d4 Nf6 4. Nc3 Nbd7 5. Be3 Be7 6. h3 c6 7. dxe5 dxe5 8. a3
Qc7 9. Bc4 O-O 10. Qe2 b5 11. Ba2 Nc5 12. Bg5 Rd8 13. O-O Be6 14. Bxe6 Nxe6 15.
Rfd1 Nd4 16. Nxd4 exd4 17. Nb1 h6 18. Bh4 Qf4 19. g3 Qc7 20. e5 g5 21. Bxg5
hxg5 22. exf6 Bxf6 23. Nd2 Qd7 24. Ne4 Qf5 25. Rd3 Re8 26. Nxf6+ Qxf6 27. Qg4
Rad8 28. Rad1 c5 29. h4 c4 30. hxg5 Qg6 31. Rxd4 Rxd4 32. Qxd4 Qxc2 33. Kg2 a5
34. Rd2 Qb1 35. Qd5 Qe1 36. g6 Re6 37. gxf7+ Kxf7 38. Qh5+ Kf6 39. Qh6+ Kf7 40.
Rd7+ Re7 41. Qh5+ Kf8 42. Rd4 Re6 43. Rf4+ Ke7 44. Qxb5 Re2 45. Qc5+ Ke8 46.
Rf8+ Kd7 47. Qd5+ Kc7 48. Qxc4+ 1-0

[Event "SC Falke Saerbeck 1 - SF Stadtlohn 1"]
[Site "Verbandsklasse 2017/2018"]
[Date "2018.01.27"]
[Round "5.4"]
[White "Hoge, Reinhard"]
[Black "Kloster, Daniel"]
[Result "1-0"]
[WhiteElo "1846"]
[BlackElo "1768"]
[PlyCount "47"]
[EventDate "2018.??.??"]
[SourceTitle "Verband Muensterland"]
[SourceDate "2017.09.30"]
[SourceVersion "1"]
[SourceVersionDate "2017.09.30"]
[SourceQuality "1"]

1. c4 e6 2. g3 d5 3. Bg2 Nf6 4. Nf3 c6 5. O-O dxc4 6. a4 Be7 7. Na3 Bxa3 8.
bxa3 O-O 9. Bb2 Nbd7 10. Qc2 h6 11. Qxc4 Nb6 12. Qc2 Qd5 13. Bxf6 gxf6 14. Qc3
e5 15. a5 Nd7 16. Qe3 Kg7 17. Nh4 Qe6 18. Be4 Rh8 19. Nf5+ Kf8 20. a4 c5 21.
Qf3 h5 22. Bd5 Qa6 23. Ba2 Nb8 24. Qd5 1-0

[Event "SC Falke Saerbeck 1 - SF Stadtlohn 1"]
[Site "Verbandsklasse 2017/2018"]
[Date "2018.01.27"]
[Round "5.5"]
[White "Bußwolder, Peter"]
[Black "Bartsch, Jan"]
[Result "1-0"]
[WhiteElo "1758"]
[BlackElo "1703"]
[PlyCount "78"]
[EventDate "2018.??.??"]
[SourceTitle "Verband Muensterland"]
[SourceDate "2017.09.30"]
[SourceVersion "1"]
[SourceVersionDate "2017.09.30"]
[SourceQuality "1"]

1. d4 d5 2. c4 c6 3. e3 Nf6 4. Nc3 g6 5. Nf3 Bg7 6. Be2 Bg4 7. Qb3 Qb6 8. Qxb6
axb6 9. cxd5 Nxd5 10. Nxd5 cxd5 11. Bd2 Nc6 12. O-O Bxf3 13. Bxf3 e6 14. Rfc1
Kd7 15. Be2 Rhc8 16. Bb5 Kd8 17. Bc3 Na7 18. Bd3 Nc6 19. f4 f5 20. h3 Bf8 21.
a3 Kd7 22. g4 Bd6 23. Kf2 Rg8 24. Be2 Rac8 25. Rh1 Ne7 26. a4 Nc6 27. h4 Bb4
28. h5 Bxc3 29. bxc3 Ne7 30. Rac1 fxg4 31. hxg6 g3+ 32. Kf3 Rxg6 33. Rxh7 g2
34. Bb5+ Kd6 35. Kf2 Rxc3 36. Re1 Rc2+ 37. Kg1 Rc7 38. Bd3 Nf5 39. Rh5 Nxe3 1-0

[Event "SC Falke Saerbeck 1 - SF Stadtlohn 1"]
[Site "Verbandsklasse 2017/2018"]
[Date "2018.01.27"]
[Round "5.6"]
[White "Bartsch, Rainer"]
[Black "Wensing, Herbert"]
[Result "1-0"]
[WhiteElo "1741"]
[BlackElo "1689"]
[PlyCount "89"]
[EventDate "2018.??.??"]
[SourceTitle "Verband Muensterland"]
[SourceDate "2017.09.30"]
[SourceVersion "1"]
[SourceVersionDate "2017.09.30"]
[SourceQuality "1"]

1. d4 Nf6 2. Nf3 e6 3. e3 d5 4. Bd3 c6 5. O-O Bd6 6. Nbd2 Nbd7 7. c4 O-O 8. b3
e5 9. dxe5 Nxe5 10. Nxe5 Bxe5 11. Rb1 Bxh2+ 12. Kxh2 Ng4+ 13. Kg1 dxc4 14. Bxc4
Qh4 15. Nf3 Qh5 16. Bb2 Bf5 17. Qd4 Qh6 18. Rbd1 Rfe8 19. Qf4 Qh5 20. Qg5 Bg6
21. Qxh5 Bxh5 22. Rd7 b5 23. Bd3 Rad8 24. Rxd8 Rxd8 25. Bc2 Nh6 26. Rd1 Re8 27.
Be4 c5 28. Bc6 Bxf3 29. gxf3 Rb8 30. Bxb5 Kf8 31. Bc4 a5 32. e4 a4 33. Bc1 axb3
34. axb3 Rb6 35. Bxh6 Rxh6 36. Rd7 Rg6+ 37. Kf1 f6 38. Rd5 Rg5 39. Ke2 h5 40.
Rxg5 fxg5 41. Be6 Ke7 42. Bh3 Kd6 43. Kd3 Ke5 44. Kc4 Kd6 45. Bf5 1-0

[Event "SC Falke Saerbeck 1 - SF Stadtlohn 1"]
[Site "Verbandsklasse 2017/2018"]
[Date "2018.01.27"]
[Round "5.7"]
[White "van Harxen, Luc"]
[Black "Rogowski, Friedrich"]
[Result "0-1"]
[WhiteElo "1469"]
[BlackElo "1620"]
[PlyCount "50"]
[EventDate "2018.??.??"]
[SourceTitle "Verband Muensterland"]
[SourceDate "2017.09.30"]
[SourceVersion "1"]
[SourceVersionDate "2017.09.30"]
[SourceQuality "1"]

1. e4 d6 2. d4 Nf6 3. Nc3 g6 4. Bc4 Bg7 5. Bg5 O-O 6. Nge2 c6 7. O-O b5 8. Bd3
b4 9. Nb1 Bb7 10. a3 c5 11. Bxf6 Bxf6 12. axb4 cxb4 13. c3 Nc6 14. Nd2 a5 15.
f4 e5 16. fxe5 dxe5 17. d5 Nb8 18. c4 Nd7 19. b3 Nc5 20. Qc2 Bc8 21. Rf2 Bg5
22. Nf1 Bd7 23. Neg3 Qb6 24. Kh1 Nxd3 25. Qxd3 Qxf2 0-1

[Event "SC Falke Saerbeck 1 - SF Stadtlohn 1"]
[Site "Verbandsklasse 2017/2018"]
[Date "2018.01.27"]
[Round "5.8"]
[White "Henschen, Daniel"]
[Black "Schlattmann, Martin"]
[Result "0-1"]
[WhiteElo "1614"]
[BlackElo "1755"]
[PlyCount "77"]
[EventDate "2018.??.??"]
[SourceTitle "Verband Muensterland"]
[SourceDate "2017.09.30"]
[SourceVersion "1"]
[SourceVersionDate "2017.09.30"]
[SourceQuality "1"]

1. Nf3 Nf6 2. g3 g6 3. Bg2 Bg7 4. d4 O-O 5. c4 c6 6. Nc3 d5 7. cxd5 cxd5 8. Bf4
Nh5 9. Be3 Nc6 10. Qd2 e6 11. O-O Nf6 12. Rfc1 Bd7 13. Ne5 Nxe5 14. dxe5 Ng4
15. Bc5 Re8 16. f4 Bc6 17. Bd4 Nh6 18. e4 dxe4 19. Bxe4 Nf5 20. Bxf5 gxf5 21.
Qe3 Qa5 22. a3 b6 23. Qe2 b5 24. b4 Qd8 25. Rd1 a6 26. Bc5 Qc7 27. Qf2 Qb7 28.
Rd2 Rad8 29. Bd6 Bf8 30. Rad1 Bf3 31. Ne2 Bxd6 32. exd6 Rd7 33. Rc1 Red8 34.
Rcd1 Bxe2 35. Qxe2 Qb6+ 36. Qf2 Qxf2+ 37. Kxf2 f6 38. Kf3 Kf7 39. h3 0-1

[Event "SK Königsspringer Nordwalde 1 - Indisch"]
[Site "Verbandsklasse 2017/2018"]
[Date "2018.01.27"]
[Round "5.2"]
[White "Sandmann, Matthias"]
[Black "Knispel-Roth, Martin"]
[Result "1/2-1/2"]
[WhiteElo "1841"]
[BlackElo "1889"]
[PlyCount "32"]
[EventDate "2018.??.??"]
[SourceTitle "Verband Muensterland"]
[SourceDate "2017.09.30"]
[SourceVersion "1"]
[SourceVersionDate "2017.09.30"]
[SourceQuality "1"]

1. Nf3 Nf6 2. g3 g6 3. Bg2 Bg7 4. O-O O-O 5. Re1 d5 6. d4 c6 7. Nbd2 Nbd7 8. c3
Qc7 9. e4 dxe4 10. Nxe4 Nxe4 11. Rxe4 Nf6 12. Re2 Bg4 13. Qb3 Bxf3 14. Bxf3 e6
15. Bf4 Qd7 16. Be5 Rfd8 1/2-1/2

[Event "SK Königsspringer Nordwalde 1 - Indisch"]
[Site "Verbandsklasse 2017/2018"]
[Date "2018.01.27"]
[Round "5.3"]
[White "Frie, Michael"]
[Black "Kasubke, Manfred"]
[Result "1/2-1/2"]
[WhiteElo "1893"]
[BlackElo "1847"]
[PlyCount "53"]
[EventDate "2018.??.??"]
[SourceTitle "Verband Muensterland"]
[SourceDate "2017.09.30"]
[SourceVersion "1"]
[SourceVersionDate "2017.09.30"]
[SourceQuality "1"]

1. e4 g6 2. d4 d6 3. Nc3 Bg7 4. Be3 a6 5. Bc4 Nd7 6. Nf3 e6 7. O-O Ne7 8. Qd2
b5 9. Bb3 h6 10. a3 Bb7 11. Bf4 g5 12. Bg3 Ng6 13. Qe3 O-O 14. Nd2 e5 15. Ne2
Qe7 16. c3 Rae8 17. f3 Nf4 18. Bf2 Kh8 19. Ng3 exd4 20. cxd4 c5 21. Nf5 Qf6 22.
Nxg7 Kxg7 23. Rfe1 c4 24. Bc2 Nd5 25. Qe2 Nf4 26. Qf1 Ne6 27. d5 1/2-1/2

[Event "SK Königsspringer Nordwalde 1 - Indisch"]
[Site "Verbandsklasse 2017/2018"]
[Date "2018.01.27"]
[Round "5.4"]
[White "Holstegge, Ludger"]
[Black "Tenberge, Norbert"]
[Result "1/2-1/2"]
[WhiteElo "1803"]
[BlackElo "1819"]
[PlyCount "23"]
[EventDate "2018.??.??"]
[SourceTitle "Verband Muensterland"]
[SourceDate "2017.09.30"]
[SourceVersion "1"]
[SourceVersionDate "2017.09.30"]
[SourceQuality "1"]

1. Nf3 d5 2. g3 Nf6 3. Bg2 g6 4. O-O Bg7 5. d4 Kf8 6. Nbd2 b6 7. Re1 Bb7 8. c3
Nbd7 9. Nf1 Ne4 10. N3d2 Nxd2 11. Bxd2 c5 12. Bf4 1/2-1/2

[Event "SK Königsspringer Nordwalde 1 - Indisch"]
[Site "Verbandsklasse 2017/2018"]
[Date "2018.01.27"]
[Round "5.5"]
[White "Glotzbach, Thomas"]
[Black "Steens, Rudolf"]
[Result "0-1"]
[WhiteElo "1750"]
[BlackElo "1784"]
[PlyCount "72"]
[EventDate "2018.??.??"]
[SourceTitle "Verband Muensterland"]
[SourceDate "2017.09.30"]
[SourceVersion "1"]
[SourceVersionDate "2017.09.30"]
[SourceQuality "1"]

1. e4 e6 2. d4 d5 3. e5 c5 4. c3 Nc6 5. a3 Qb6 6. Nf3 Bd7 7. b4 cxd4 8. cxd4
Rc8 9. Be3 Nh6 10. Be2 Nf5 11. O-O Be7 12. Qd2 O-O 13. g4 Nxe3 14. fxe3 f6 15.
exf6 Bxf6 16. Nc3 Qd8 17. Rf2 a6 18. Raf1 Qc7 19. Rc1 Qd6 20. Rg2 g6 21. h4 e5
22. dxe5 Nxe5 23. g5 Bg7 24. Nd4 Nc4 25. Bxc4 Rxc4 26. Nce2 b5 27. Rd1 Be5 28.
Rf2 Rxf2 29. Kxf2 Bxd4 30. Nxd4 Qh2+ 31. Kf1 Qh1+ 32. Kf2 Qxh4+ 33. Kg1 Qxg5+
34. Kh1 Qh4+ 35. Kg1 Bh3 36. Qh2 Qg4+ 0-1

[Event "SK Königsspringer Nordwalde 1 - Indisch"]
[Site "Verbandsklasse 2017/2018"]
[Date "2018.01.27"]
[Round "5.6"]
[White "Schmidt, Ralf"]
[Black "Dittberner, Markus"]
[Result "1/2-1/2"]
[WhiteElo "1535"]
[BlackElo "1638"]
[PlyCount "31"]
[EventDate "2018.??.??"]
[SourceTitle "Verband Muensterland"]
[SourceDate "2017.09.30"]
[SourceVersion "1"]
[SourceVersionDate "2017.09.30"]
[SourceQuality "1"]

1. d4 Nf6 2. Bf4 g6 3. Nf3 Bg7 4. e3 d6 5. h3 O-O 6. Be2 Nbd7 7. O-O b6 8. Nbd2
Bb7 9. c3 a6 10. Re1 Re8 11. Bh2 Rc8 12. Qb3 c5 13. Ng5 Rf8 14. Ngf3 Re8 15.
Ng5 Rf8 16. Ngf3 1/2-1/2

[Event "SK Königsspringer Nordwalde 1 - Indisch"]
[Site "Verbandsklasse 2017/2018"]
[Date "2018.01.27"]
[Round "5.7"]
[White "Overesch, Dieter"]
[Black "Keller, Hansjürgen"]
[Result "1-0"]
[WhiteElo "1737"]
[BlackElo "1665"]
[PlyCount "51"]
[EventDate "2018.??.??"]
[SourceTitle "Verband Muensterland"]
[SourceDate "2017.09.30"]
[SourceVersion "1"]
[SourceVersionDate "2017.09.30"]
[SourceQuality "1"]

1. d4 d5 2. Nf3 e6 3. e3 Nf6 4. Bd3 Bd6 5. O-O O-O 6. Nbd2 c5 7. c3 Nc6 8. Qe2
e5 9. dxc5 Bxc5 10. e4 Bg4 11. exd5 Qxd5 12. Ne4 Nxe4 13. Bxe4 Bxf3 14. Qxf3
Qe6 15. Bd5 Qg6 16. h4 Rfe8 17. h5 Qf6 18. Qe4 Rad8 19. Be3 Qd6 20. Rad1 Qe7
21. Qc4 Bd6 22. Qg4 Qd7 23. Qxd7 Rxd7 24. c4 Kf8 25. Bxc6 bxc6 26. c5 1-0

[Event "SK Königsspringer Nordwalde 1 - Indisch"]
[Site "Verbandsklasse 2017/2018"]
[Date "2018.01.27"]
[Round "5.8"]
[White "Hillenkötter, Albert"]
[Black "Brambrink, Ulf"]
[Result "1/2-1/2"]
[WhiteElo "1326"]
[BlackElo "1743"]
[PlyCount "74"]
[EventDate "2018.??.??"]
[SourceTitle "Verband Muensterland"]
[SourceDate "2017.09.30"]
[SourceVersion "1"]
[SourceVersionDate "2017.09.30"]
[SourceQuality "1"]

1. d4 d6 2. Nf3 f5 3. Bf4 Nf6 4. h3 g6 5. e3 Bg7 6. c4 O-O 7. Nc3 e6 8. h4 Nc6
9. h5 Nxh5 10. Bg5 Qe8 11. Be2 Nf6 12. Qc2 Nb4 13. Qb3 a5 14. a3 Nc6 15. O-O-O
Ng4 16. Rdf1 Nd8 17. Nh2 Nf6 18. f4 h5 19. Bf3 Bd7 20. Rf2 Bc6 21. Bxc6 Qxc6
22. Nf3 Ng4 23. Re2 Nf7 24. d5 exd5 25. Nxd5 Qc5 26. Qb5 c6 27. Qxc5 dxc5 28.
Nb6 Rac8 29. Be7 Rc7 30. Bxf8 Bxf8 31. Rd1 Re7 32. Rde1 Nd6 33. b3 Ne4 34. Kc2
Bg7 35. Nc8 Rd7 36. Nb6 Rd8 37. Na4 Nef2 1/2-1/2

[Event "SC Hiltrup 1 - SC Klein-Berlin Rheine 2"]
[Site "Verbandsklasse 2017/2018"]
[Date "2018.01.27"]
[Round "5.1"]
[White "Ratert, Matthias"]
[Black "Kammers, Heribert"]
[Result "0-1"]
[WhiteElo "1868"]
[BlackElo "1992"]
[PlyCount "55"]
[EventDate "2018.??.??"]
[SourceTitle "Verband Muensterland"]
[SourceDate "2017.09.30"]
[SourceVersion "1"]
[SourceVersionDate "2017.09.30"]
[SourceQuality "1"]

1. e4 e6 2. d4 d5 3. Nd2 Nf6 4. e5 Nfd7 5. Bd3 c5 6. c3 Nc6 7. Ne2 cxd4 8. cxd4
f6 9. Nf4 Nxd4 10. Qh5+ Ke7 11. Ng6+ hxg6 12. exf6+ Kxf6 13. Qxh8 Kf7 14. O-O
Nc5 15. Bb1 e5 16. Nb3 Ncxb3 17. axb3 Qf6 18. Be3 Ne2+ 19. Kh1 Bd7 20. Rxa7
Rxa7 21. Bxa7 Qa6 22. Re1 Bb4 23. Rd1 Qxa7 24. Rxd5 Bf5 25. Rxe5 Qxf2 26. Qe8+
Kf6 27. Rxf5+ gxf5 28. Qd8+ 0-1